Logo CIB grande

CUARTO(IV) SEMINARIO LATINOAMERICANO DE ESTUDIOS DE POSGRADO. TERCER (III) ENCUENTRO LATINOAMERICANO DE RESPONSABLES DE INVESTIGACION. MEMORIA (Registro nro. 216995)

Detalles MARC
000 -LEADER
campo de control de longitud fija 00744nam a2200241Ia 4500
005 - FECHA Y HORA DE LA ÚLTIMA TRANSACCIÓN
campo de control 20250425161829.0
008 - DATOS DE LONGITUD FIJA--INFORMACIÓN GENERAL
campo de control de longitud fija 250425s9999 xx 000 0 und d
041 ## - CÓDIGO DE IDIOMA
Código de lengua del texto/banda sonora o título independiente spa
043 ## - CÓDIGO DE ÁREA GEOGRÁFICA
Código de área geográfica ec
082 ## - NÚMERO DE LA CLASIFICACIÓN DECIMAL DEWEY
Número de clasificación 378
010 ## - NÚMERO DE CONTROL DE LA BIBLIOTECA DEL CONGRESO
Número de control de LC 31501
100 ## - ENTRADA PRINCIPAL--NOMBRE DE PERSONA
Nombre de persona UNIVERSIDAD LAICA, VICENTE ROCAFUERTE
245 #0 - MENCIÓN DEL TÍTULO
Título CUARTO(IV) SEMINARIO LATINOAMERICANO DE ESTUDIOS DE POSGRADO. TERCER (III) ENCUENTRO LATINOAMERICANO DE RESPONSABLES DE INVESTIGACION. MEMORIA
250 ## - MENCION DE EDICION
Mención de edición 1A ED.
260 ## - PUBLICACIÓN, DISTRIBUCIÓN, ETC.
Lugar de publicación, distribución, etc. Ecuador
Nombre del editor, distribuidor, etc. UNIVERSIDAD LAICA VICENTE ROCAFUERTE DE GUAYAQUIL
Fecha de publicación, distribución, etc. 1995
260 ## - PUBLICACIÓN, DISTRIBUCIÓN, ETC.
Lugar de publicación, distribución, etc. GUAYAQUIL
300 ## - DESCRIPCIÓN FÍSICA
Extensión 283
650 ## - PUNTO DE ACCESO ADICIONAL DE MATERIA--TÉRMINO DE MATERIA
Término de materia o nombre geográfico como elemento de entrada EDUCACION SUPERIOR
650 ## - PUNTO DE ACCESO ADICIONAL DE MATERIA--TÉRMINO DE MATERIA
Término de materia o nombre geográfico como elemento de entrada EDUCACION-INVESTIGACIONES
650 ## - PUNTO DE ACCESO ADICIONAL DE MATERIA--TÉRMINO DE MATERIA
Término de materia o nombre geográfico como elemento de entrada POSTGRADO-PROGRAMA DE EST
710 ## - ENTRADA AGREGADA--NOMBRE DE ENTIDAD CORPORATIVA
Nombre de entidad corporativa o nombre de jurisdicción como elemento de entrada CONUEP
942 ## - ELEMENTOS DE ENTRADA SECUNDARIOS (KOHA)
Tipo de ítem Koha Libros
Existencias
Estatus retirado Estado de pérdida Estado de daño No para préstamo Biblioteca de origen Biblioteca actual Ubicación en estantería Fecha de adquisición Coste, precio normal de compra Total de préstamos Código de barras Copia número Nota pública
        ESCUELA DE NEGOCIOS ESCUELA DE NEGOCIOS   07/07/2001 5.00   D-P 00058 1 DONADO
        ESCUELA DE NEGOCIOS ESCUELA DE NEGOCIOS   16/01/2001 5.00   D-P 00059 2 DONADO

Copyright 2025 ESPOL. Todos los derechos reservados.